书目信息 |
| 题名: |
建筑工程施工工艺手册
|
|
| 作者: | 胡伦坚 主编 | |
| 分册: | 中册 装饰工程施工工艺 | |
| 出版信息: | 北京 机械工业出版社 2007.08 |
|
| 页数: | 449页 | |
| 开本: | 19cm | |
| 丛书名: | ||
| 单 册: | ||
| 中图分类: | TU74-62 | |
| 科图分类: | ||
| 主题词: | 建筑工程--jian zhu gong cheng--工程施工--技术手册 , 建筑装饰--jian zhu zhuang shi--工程施工--技术手册 | |
| 电子资源: | ||
| ISBN: | 978-7-111-21227-0 | |
| 000 | 01065nam0 2200277 450 | |
| 001 | 012008979455 | |
| 005 | 20080107101806.72 | |
| 010 | @a978-7-111-21227-0@dCNY48.00 (含光盘) | |
| 100 | @a20080107d2007 em y0chiy0120 ea | |
| 101 | 0 | @achi |
| 102 | @aCN@b110000 | |
| 105 | @aa a 000yy | |
| 106 | @ar | |
| 200 | 1 | @a建筑工程施工工艺手册@Ajian zhu gong cheng shi gong gong yi shou ce@h中册@i装饰工程施工工艺@f胡伦坚主编@Fhu lun jian zhu bian |
| 210 | @a北京@c机械工业出版社@d2007.08 | |
| 215 | @a449页@c图@d19cm@e光盘1片 | |
| 307 | @a光盘 ISBN : 978-7-89482-207-9 | |
| 320 | @a有书目 (第447-449页) | |
| 330 | @a本手册内容包括:建筑装饰工程、建筑幕墙工程、楼地面工程、地下防水工程、外墙保温与门窗工程、屋面工程。 | |
| 517 | 1 | @a装饰工程施工工艺@Azhuang shi gong cheng shi gong gong yi |
| 606 | 0 | @a建筑工程@Ajian zhu gong cheng@x工程施工@j技术手册 |
| 606 | 0 | @a建筑装饰@Ajian zhu zhuang shi@x工程施工@j技术手册 |
| 690 | @aTU74-62@v4 | |
| 701 | 0 | @a胡伦坚@Ahu lun jian@4主编 |
| 801 | 0 | @aCN@bQSSK@c20080107 |
| 905 | @b275668-70@dTU74-62@eH482:2@f3 | |
| 建筑工程施工工艺手册.中册.装饰工程施工工艺/胡伦坚主编.-北京:机械工业出版社,2007.08 |
| 449页:图;19cm+光盘1片 |
| ISBN 978-7-111-21227-0:CNY48.00 (含光盘) |
| 本手册内容包括:建筑装饰工程、建筑幕墙工程、楼地面工程、地下防水工程、外墙保温与门窗工程、屋面工程。 |
| ● |
| 相关链接 |
|
|
|
正题名:建筑工程施工工艺手册
索取号:TU74-62/H482:2
 
预约/预借
| 序号 | 登录号 | 条形码 | 馆藏地/架位号 | 状态 | 备注 |
| 1 | 275668 | 202756687 | 建筑库201/201建筑库 108排6列4层/ [索取号:TU74-62/H482:2] | 在馆 | |
| 2 | 275669 | 202756696 | 建筑库201/ [索取号:TU74-62/H482:2] | 在馆 | |
| 3 | 275670 | 202756703 | 建筑库201/201建筑库 108排6列4层/ [索取号:TU74-62/H482:2] | 在馆 |